00645nam a22001931i 45000010005000000900009000051000041000141010008000552000082000632100035001452150023001802250042002032250043002456750018002887000035003068010012003419900011003539950087003647926 a7926 a20170304u u u0frey50 ba1 apor1 fEurico FigueiredoaNo reino de Xantumeos jovens e o conflito de gerações cAfrontamentoaPortodcop. 1985 a223, [5] p.d21 cm2 aBiblioteca das ciências do homemv82 iPsicologia, Psiquiatria, Psicanálise a159.96493355 1aFigueiredobEurico4070f1938- aPTgRPC cLIVROS 0010910166bBMVAdBMVAf0011392k159.9 FIGo0rLIVROSuEm depósito Caixa 24 VNT